=LDR 00000nam 2200000 4500 =001 NUTBA000000000003437 =005 20140819102907.0 =006 =007 =008 =020 ##$$a 979-462-905-7 =035 ##$$a 0010-081400000000282 =040 ##$$a NBPDMAT =082 ##$$a 372.7 =090 ##$$a 372.7 $b Sum g =100 ##$$a Sumanto Y.D =245 ##$$a Gemar matematika 5 untuk kelas 5 SD/MI/penulis Y.D Sumanto, Henny Kusumawati, Nur Asikin =260 ##$$a Jakarta : $b Pusat Perbukuan Departemen Pendidikan Nasional, $c 2008 =300 ##$$a v, 186 hlm. $b ilus. ; $c 25 cm. =500 ##$$a Bibliografi : hlm. 184 =650 ##$$a Matematika - SD =850 ##$$a NBPDMAT =990 ##$$a 21407132